00873ngm a2200253 a 450000500170000000800410001702000140005808200170007224500480008925000190013730000440015665000350020065000640023565000490029965000470034865000370039594200200043226400290045233600270048133700330050833800280054104000350056999900150060420220317000606.0160601s2002 ck g 000 0 spa  a95881132304a612.661bP8110aPubertad en hombres y mujeres hVideocasete a1a. edición  a1 (videocasete) bsonido c1/2 pulgadas142LEMB aPubertad vVideocasetes142LEMB aAdolescenciavVideocasetesxAspectos psicológicos 142LEMB aMuchachos adolescentes vVideocasetes142LEMB aMujeres adolescentes vVideocasetes142LEMB aSexualidad vVideocasetes 2ddccVIDEOCASET aBogotá bDacarc[2002] atextobtxt2rdacontent asin mediaciónbn2rdamedia avolumenbnc2rdacarrier aCO-BoRNBPbspaerdacCO-BoRNBP c4500d4500